[Event "BCF-chT3W 2223 (4NCL)"]
[Site "England"]
[Date "2023.03.19"]
[Round "8.42"]
[White "Phan, Stefanus Kf"]
[Black "Richmond, Jane"]
[Result "0-1"]
[WhiteElo "2004"]
[BlackElo "2067"]
[PlyCount "106"]
[EventDate "2022.10.22"]
[EventType "team-tourn"]
[EventRounds "11"]
[EventCountry "ENG"]
[SourceTitle "EXT 2024"]
[Source "ChessBase"]
[SourceDate "2023.10.10"]
[SourceVersion "1"]
[SourceVersionDate "2023.10.10"]
[SourceQuality "1"]
[WhiteTeam "Oxford II"]
[BlackTeam "Brown Jack"]
[WhiteTeamCountry "ENG"]
[BlackTeamCountry "ENG"]

1. c4 e5 2. g3 Nc6 3. Nc3 g6 4. Bg2 Bg7 5. e4 d6 6. Nge2 h5 7. h4 Be6 8. d3 Qd7 9. Nd5 Nd8 10. Rb1 c6 11. Ne3 f5 12. d4 Nf6 13. d5 Bg8 14. exf5 gxf5 15. 0-0 Bh7 16. f4 Ng4 17. b4 a5 18. bxa5 Rxa5 19. Qb3 c5 20. Bd2 Ra6 21. Nxg4 fxg4 22. fxe5 dxe5 23. Rbe1 Qa4 24. Nf4 Qxb3 25. axb3 Bc2 26. Bc3 Bxb3 27. Bxe5 Bxe5 28. Rxe5+ Kd7 29. Nxh5 Bxc4 30. Rf4 Bd3 31. Nf6+ Kd6 32. Nxg4 c4 33. Re3 Ra1+ 34. Kh2 b6 35. Ne5 Bc2 36. Kh3 Kc5 37. g4 Nb7 38. h5 Nd6 39. Re2 Ra2 40. Rff2 Ra3+ 41. Kh4 Bd3 42. Nxd3+ Rxd3 43. Re6 b5 44. Rff6 Rd2 45. Rxd6 Rxg2 46. Rd7 b4 47. Rc6+ Kd4 48. Rb6 b3 49. Rc7 b2 50. Rcb7 c3 51. d6 Rd8 52. Rc7 Kd3 53. d7 Rh8 0-1

[Event "BCF-chT3W 2223 (4NCL)"]
[Site "England"]
[Date "2023.03.18"]
[Round "7.62"]
[White "Richmond, Jane"]
[Black "Badacsonyi, Stanley Ethan Artie"]
[Result "1/2-1/2"]
[WhiteElo "2067"]
[BlackElo "2143"]
[PlyCount "91"]
[EventDate "2022.10.22"]
[EventType "team-tourn"]
[EventRounds "11"]
[EventCountry "ENG"]
[SourceTitle "EXT 2024"]
[Source "ChessBase"]
[SourceDate "2023.10.10"]
[SourceVersion "1"]
[SourceVersionDate "2023.10.10"]
[SourceQuality "1"]
[WhiteTeam "Brown Jack"]
[BlackTeam "Barnet Knights II"]
[WhiteTeamCountry "ENG"]
[BlackTeamCountry "ENG"]

1. e4 e6 2. d4 d5 3. Nc3 Nf6 4. Bg5 dxe4 5. Nxe4 Nbd7 6. Bd3 Be7 7. Bxf6 Nxf6 8. Nf3 c5 9. Nxc5 Bxc5 10. dxc5 Qa5+ 11. c3 Qxc5 12. 0-0 0-0 13. Qe2 b6 14. Ne5 Bb7 15. Rad1 Rfd8 16. Rfe1 Qc7 17. f4 Nd5 18. g3 Qc5+ 19. Qf2 Qc7 20. Be4 Nf6 21. Bxb7 Qxb7 22. Qg2 Qxg2+ 23. Kxg2 Nd5 24. Kf3 Rac8 25. c4 Nb4 26. b3 a5 27. Nd7 b5 28. Rd2 bxc4 29. bxc4 Re8 30. Re4 f6 31. a3 Na6 32. Rd6 Nc5 33. Nxc5 Rxc5 34. Ke3 f5 35. Re5 Rxc4 36. Rxa5 Kf7 37. Rd7+ Kf6 38. Raa7 Rg8 39. h4 Rc3+ 40. Kf2 Rb8 41. Rf7+ Kg6 42. Rxg7+ Kh5 43. Rab7 Rd8 44. Rgd7 Ra8 45. Ra7 Rb8 46. Rab7 1/2-1/2

[Event "Leamington Spa 4NCL op-A 28th"]
[Site "Leamington Spa"]
[Date "2022.07.08"]
[Round "1"]
[White "Richmond, Jane"]
[Black "Shenbagakumar, Gautham"]
[Result "1-0"]
[WhiteElo "2067"]
[BlackElo "1741"]
[PlyCount "93"]
[EventDate "2022.07.08"]
[EventType "swiss"]
[EventRounds "5"]
[EventCountry "ENG"]
[SourceTitle "CBM 209 Extra"]
[Source "ChessBase"]
[SourceDate "2022.09.30"]
[SourceVersion "1"]
[SourceVersionDate "2022.09.30"]
[SourceQuality "1"]

1. e4 c5 2. Nc3 a6 3. g3 Nc6 4. Bg2 g6 5. d3 Bg7 6. Be3 d6 7. Qd2 e6 8. Nge2 Nd4 9. 0-0 Ne7 10. Nd1 Nxe2+ 11. Qxe2 Nc6 12. f4 0-0 13. c3 f5 14. Nf2 Qe7 15. Rfe1 e5 16. Qd2 Be6 17. Nh3 Kh8 18. Ng5 Bg8 19. h3 Bf6 20. Nf3 Be6 21. exf5 gxf5 22. Qf2 e4 23. dxe4 fxe4 24. Nd2 Bf5 25. Rad1 b5 26. Nf1 Na5 27. Bc1 Nc4 28. b3 Nb6 29. Ne3 Bxc3 30. Nxf5 Rxf5 31. Rxe4 Qf7 32. Rxd6 Nd5 33. g4 Rf6 34. Rxf6 Bxf6 35. Bb2 Nc3 36. Re3 Nd1 37. Bxf6+ Qxf6 38. Qf3 Rd8 39. Rd3 Rxd3 40. Qxd3 Nb2 41. Qe3 c4 42. g5 Qg7 43. Bd5 h5 44. Qe8+ Kh7 45. Be4+ Qg6 46. Qxg6+ Kh8 47. Qh7# 1-0

[Event "BCF-chT2a 1920 (4NCL)"]
[Site "Daventry"]
[Date "2020.03.01"]
[Round "2.42"]
[White "Wall, Tim"]
[Black "Richmond, Jane"]
[Result "1-0"]
[WhiteElo "2218"]
[BlackElo "2074"]
[PlyCount "99"]
[EventDate "2020.01.11"]
[EventType "team-tourn"]
[EventRounds "11"]
[EventCountry "ENG"]
[SourceTitle "CBM 195 Extra"]
[Source "ChessBase"]
[SourceDate "2020.05.31"]
[SourceVersion "1"]
[SourceVersionDate "2020.05.31"]
[SourceQuality "1"]
[WhiteTeam "Chessable White Rose II"]
[BlackTeam "Check Innmates"]
[WhiteTeamCountry "ENG"]
[BlackTeamCountry "ENG"]

1. d4 Nf6 2. Nf3 e6 3. g3 d5 4. Bg2 c5 5. 0-0 Nc6 6. c4 cxd4 7. cxd5 exd5 8. Nxd4 Be7 9. Nc3 0-0 10. Be3 Bg4 11. h3 Be6 12. Qb3 Qd7 13. Kh2 Rac8 14. Rad1 Na5 15. Qa4 Qxa4 16. Nxa4 Nc4 17. Bc1 Rfd8 18. Nc3 Bb4 19. Ncb5 a6 20. a3 Bf8 21. Nxe6 fxe6 22. Nd4 Kf7 23. f4 Bc5 24. f5 e5 25. Ne6 Rd7 26. Rd3 Ba7 27. b3 Na5 28. Bb2 e4 29. Rc3 Rxc3 30. Bxc3 Nxb3 31. Rb1 Nc5 32. Bd4 b6 33. Nf4 Ke7 34. g4 Kd6 35. e3 Kc6 36. Bf1 Bb8 37. Bxa6 Re7 38. Bb5+ Kb7 39. Be2 Bxf4+ 40. exf4 Rc7 41. g5 Ne8 42. f6 gxf6 43. gxf6 Nxf6 44. Bxf6 Nd7 45. Bd4 Rc2 46. Rb2 Rxb2 47. Bxb2 Nc5 48. f5 Kc7 49. Kg3 Kd6 50. Kf4 1-0

[Event "Dyfed op 49th"]
[Site "Fishguard"]
[Date "2020.02.15"]
[Round "2"]
[White "Richmond, Jane"]
[Black "Barnaby, Nicholas MS"]
[Result "1/2-1/2"]
[WhiteElo "2101"]
[BlackElo "1750"]
[PlyCount "28"]
[EventDate "2020.02.14"]
[EventType "swiss"]
[EventRounds "5"]
[EventCountry "WLS"]
[SourceTitle "EXT 2022"]
[Source "ChessBase"]
[SourceDate "2021.10.06"]
[SourceVersion "1"]
[SourceVersionDate "2021.10.06"]
[SourceQuality "1"]

1. e4 e5 2. Nf3 Nc6 3. Bb5 a6 4. Ba4 Nf6 5. 0-0 b5 6. Bb3 Be7 7. Qe2 0-0 8. a4 Rb8 9. c3 d5 10. d3 h6 11. Nbd2 Be6 12. axb5 axb5 13. Ra6 Qd7 14. h3 Rfe8 1/2-1/2

[Event "BCF-chT2a 1920 (4NCL)"]
[Site "Daventry"]
[Date "2020.01.11"]
[Round "3.43"]
[White "Richmond, Jane"]
[Black "Taylor, Adam A"]
[Result "1-0"]
[WhiteElo "2074"]
[BlackElo "2179"]
[PlyCount "105"]
[EventDate "2020.01.11"]
[EventType "team-tourn"]
[EventRounds "11"]
[EventCountry "ENG"]
[SourceTitle "CBM 194 Extra"]
[Source "ChessBase"]
[SourceDate "2020.03.31"]
[SourceVersion "1"]
[SourceVersionDate "2020.03.31"]
[SourceQuality "1"]
[WhiteTeam "Check Innmates"]
[BlackTeam "North East England"]
[WhiteTeamCountry "ENG"]
[BlackTeamCountry "ENG"]

1. e4 c5 2. Nc3 e6 3. g3 Nc6 4. Bg2 g6 5. d3 Bg7 6. Be3 d6 7. Qd2 Nge7 8. h4 h5 9. Nge2 Nd4 10. Nf4 b5 11. Nd1 e5 12. Nh3 Bg4 13. Ng5 f6 14. c3 Ndc6 15. Nh3 Rb8 16. f4 b4 17. Ndf2 Be6 18. fxe5 Nxe5 19. Nf4 Bf7 20. 0-0 0-0 21. Ne2 Kh7 22. Nh3 bxc3 23. bxc3 Qa5 24. Qc2 Rb6 25. d4 Ng4 26. Bd2 Bc4 27. Nhf4 Rfb8 28. Bc1 cxd4 29. cxd4 Rc8 30. Bf3 Bf7 31. Qd1 d5 32. Bd2 Qa3 33. Ng2 dxe4 34. Bxe4 f5 35. Bg5 Nd5 36. Rf3 Qd6 37. Rc1 Re8 38. Bd3 Rb2 39. Rc2 Rxc2 40. Bxc2 Nb4 41. Bb3 Bxb3 42. Rxb3 a5 43. Ngf4 Re4 44. a3 Bxd4+ 45. Nxd4 Rxd4 46. Qf3 Nc6 47. Rb7+ Kh8 48. Qc3 Nge5 49. Kg2 a4 50. Kh3 Kg8 51. Qc2 Nf3 52. Qa2+ Kh8 53. Rh7+ 1-0

[Event "BCF-chT3S 1819 (4NCL) Promotion pool"]
[Site "England"]
[Date "2019.04.14"]
[Round "8.15"]
[White "Richmond, Jane"]
[Black "Van Kemenade, Rudy"]
[Result "1/2-1/2"]
[WhiteElo "2077"]
[BlackElo "1924"]
[PlyCount "66"]
[EventDate "2019.04.14"]
[EventType "team-tourn"]
[EventRounds "11"]
[EventCountry "ENG"]
[SourceTitle "EXT 2021"]
[Source "ChessBase"]
[SourceDate "2020.10.23"]
[SourceVersion "1"]
[SourceVersionDate "2020.10.23"]
[SourceQuality "1"]
[WhiteTeam "Check Innmates"]
[BlackTeam "Rhyfelwyr Essyllwg"]
[WhiteTeamCountry "ENG"]
[BlackTeamCountry "WLS"]

1. e4 e5 2. Nf3 Nf6 3. d4 Nxe4 4. dxe5 d5 5. Nbd2 Nc5 6. c3 Be7 7. b4 Ne6 8. Nb3 0-0 9. Be2 f6 10. exf6 Bxf6 11. Nbd4 Nxd4 12. Nxd4 Nc6 13. Be3 Nxd4 14. Bxd4 c6 15. 0-0 Bf5 16. Bf3 Bxd4 17. Qxd4 Qf6 18. Rfe1 Qxd4 19. cxd4 Rae8 20. b5 Bd3 21. bxc6 bxc6 22. Bg4 Rxe1+ 23. Rxe1 Rf4 24. Bd7 Rxd4 25. Bxc6 Bc4 26. f3 Bxa2 27. Ra1 Bc4 28. Rxa7 Rd1+ 29. Kf2 Rd2+ 30. Kg3 Bf1 31. Rd7 Rxg2+ 32. Kf4 Bc4 33. h4 Rd2 1/2-1/2

[Event "Dyfed op 48th"]
[Site "Fishguard"]
[Date "2019.02.23"]
[Round "2.3"]
[White "Greatorex, Roger"]
[Black "Richmond, Jane"]
[Result "0-1"]
[WhiteElo "1713"]
[BlackElo "2066"]
[PlyCount "44"]
[EventDate "2019.02.22"]
[EventType "swiss"]
[EventRounds "5"]
[EventCountry "WLS"]
[SourceTitle "EXT 2020"]
[Source "ChessBase"]
[SourceDate "2019.10.17"]
[SourceVersion "1"]
[SourceVersionDate "2019.10.17"]
[SourceQuality "1"]

1. Nf3 Nf6 2. b4 a5 3. b5 c6 4. c4 d5 5. bxc6 bxc6 6. e3 e6 7. Ba3 Bxa3 8. Nxa3 0-0 9. c5 Nbd7 10. Qc2 e5 11. Be2 Qe7 12. Rc1 e4 13. Nd4 Ne5 14. f4 exf3 15. gxf3 Nh5 16. h4 Ng3 17. Rh2 Qf6 18. f4 Ng6 19. Bd3 Nxf4 20. Bxh7+ Kh8 21. Bd3 Nxd3+ 22. Qxd3 Ba6 0-1

[Event "Dyfed op 48th"]
[Site "Fishguard"]
[Date "2019.02.22"]
[Round "1.7"]
[White "Richmond, Jane"]
[Black "Philpin, Les"]
[Result "1-0"]
[WhiteElo "2066"]
[BlackElo "1702"]
[PlyCount "73"]
[EventDate "2019.02.22"]
[EventType "swiss"]
[EventRounds "5"]
[EventCountry "WLS"]
[SourceTitle "EXT 2020"]
[Source "ChessBase"]
[SourceDate "2019.10.17"]
[SourceVersion "1"]
[SourceVersionDate "2019.10.17"]
[SourceQuality "1"]

1. e4 e6 2. d4 d5 3. Nc3 Nf6 4. Bg5 Be7 5. e5 Nfd7 6. h4 Bxg5 7. hxg5 Qxg5 8. Qd3 f5 9. exf6 Nxf6 10. Nf3 Qf5 11. 0-0-0 Qxd3 12. Bxd3 Nc6 13. Nb5 Kd7 14. Rh4 a6 15. Nc3 h6 16. Ne5+ Nxe5 17. dxe5 Ne8 18. Bg6 Ke7 19. Rg4 Rg8 20. Rd3 Bd7 21. Rdg3 b5 22. Bxe8 Bxe8 23. Rxg7+ Rxg7 24. Rxg7+ Kd8 25. Ne2 Rb8 26. Rh7 h5 27. Nf4 Rb6 28. Nxh5 Bxh5 29. Rxh5 c5 30. f4 Ke8 31. Rh6 d4 32. f5 Ke7 33. g4 c4 34. Kd2 a5 35. g5 Kf7 36. g6+ Kg8 37. f6 1-0

[Event "BCF-chT3Sa 1819 (4NCL)"]
[Site "England"]
[Date "2019.01.13"]
[Round "4.26"]
[White "Richmond, Jane"]
[Black "Patel, Rishi"]
[Result "1-0"]
[WhiteElo "2062"]
[BlackElo "1819"]
[PlyCount "83"]
[EventDate "2018.11.17"]
[EventType "team-tourn"]
[EventRounds "7"]
[EventCountry "ENG"]
[SourceTitle "EXT 2021"]
[Source "ChessBase"]
[SourceDate "2020.10.23"]
[SourceVersion "1"]
[SourceVersionDate "2020.10.23"]
[SourceQuality "1"]
[WhiteTeam "Check Innmates"]
[BlackTeam "Cambridge University II"]
[WhiteTeamCountry "ENG"]
[BlackTeamCountry "ENG"]

1. e4 e5 2. Nf3 Nc6 3. Bb5 a6 4. Ba4 Nf6 5. 0-0 d6 6. Qe2 b5 7. Bb3 Bg4 8. c3 Be7 9. d3 0-0 10. h3 Be6 11. Bc2 Nd7 12. Nbd2 h6 13. d4 exd4 14. cxd4 d5 15. a3 dxe4 16. Qxe4 Nf6 17. Qxc6 Rb8 18. Bb3 Rb6 19. Qc2 Re8 20. Ne5 Bd5 21. Ndf3 Bf8 22. Bf4 Rbe6 23. Rac1 Nh5 24. Bh2 Nf6 25. Bxd5 Nxd5 26. Nc6 Qa8 27. Rfe1 a5 28. Rxe6 Rxe6 29. Nce5 Bd6 30. Qf5 Qe8 31. Ng4 c6 32. Bxd6 Rxd6 33. Re1 Qf8 34. Nge5 g6 35. Qc2 Qc8 36. Qd2 Kg7 37. Qxa5 Qf5 38. Qa7 h5 39. Ng5 Rf6 40. Nef3 Qc2 41. Ne6+ Kh7 42. Nfg5+ 1-0

[Event "Olympiad Women-43"]
[Site "Batumi"]
[Date "2018.10.01"]
[Round "7.40"]
[White "Richmond, Jane"]
[Black "Bejatovic, Bojana"]
[Result "1/2-1/2"]
[WhiteElo "2053"]
[BlackElo "2057"]
[PlyCount "76"]
[EventDate "2018.09.24"]
[EventType "team-swiss"]
[EventRounds "11"]
[EventCountry "GEO"]
[SourceTitle "EXT 2020"]
[Source "ChessBase"]
[SourceDate "2019.10.17"]
[SourceVersion "1"]
[SourceVersionDate "2019.10.17"]
[SourceQuality "1"]
[WhiteTeam "Wales (W)"]
[BlackTeam "Macedonia (W)"]
[WhiteTeamCountry "WLS"]
[BlackTeamCountry "MKD"]

1. e4 c5 2. Nc3 Nc6 3. Bb5 Nd4 4. Nf3 Nxb5 5. Nxb5 d6 6. d4 Nf6 7. Qd3 a6 8. Nc3 cxd4 9. Nxd4 g6 10. a4 Bg7 11. 0-0 0-0 12. Rd1 Qa5 13. f3 Bd7 14. Be3 Rac8 15. Rd2 Qb4 16. Nb3 Be6 17. Qd4 Qxd4 18. Nxd4 Bc4 19. Nde2 Nd7 20. Nf4 Rfe8 21. Nfd5 e6 22. Nf4 Rc6 23. Rad1 Be5 24. Nfe2 d5 25. Bd4 Bc7 26. b3 Bxe2 27. Nxe2 dxe4 28. fxe4 Nc5 29. Bxc5 Rxc5 30. c4 Bb6 31. Kf1 Rec8 32. Rd7 R5c7 33. Nf4 Kf8 34. Ke2 Ke8 35. R7d3 Rc5 36. Kf3 Rd8 37. Rxd8+ Bxd8 38. Nd3 Rc8 1/2-1/2

[Event "Olympiad Women-43"]
[Site "Batumi"]
[Date "2018.09.26"]
[Round "3.28"]
[White "Richmond, Jane"]
[Black "Castrillon Gomez, Melissa"]
[Result "0-1"]
[WhiteElo "2053"]
[BlackElo "2248"]
[PlyCount "88"]
[EventDate "2018.09.24"]
[EventType "team-swiss"]
[EventRounds "11"]
[EventCountry "GEO"]
[SourceTitle "EXT 2020"]
[Source "ChessBase"]
[SourceDate "2019.10.17"]
[SourceVersion "1"]
[SourceVersionDate "2019.10.17"]
[SourceQuality "1"]
[WhiteTeam "Wales (W)"]
[BlackTeam "Colombia (W)"]
[WhiteTeamCountry "WLS"]
[BlackTeamCountry "COL"]

1. e4 e5 2. Nf3 Nc6 3. Bb5 a6 4. Ba4 Nge7 5. c3 g6 6. d4 exd4 7. cxd4 b5 8. Bb3 Bg7 9. Nc3 d6 10. h3 0-0 11. 0-0 Bb7 12. a3 Na5 13. Ba2 c5 14. Bg5 c4 15. Qd2 Re8 16. d5 Bc8 17. Nd4 Bd7 18. Rad1 Qc7 19. Kh1 Nb7 20. Bb1 Nc5 21. f4 f5 22. Bxe7 Rxe7 23. exf5 Bxd4 24. Qxd4 Bxf5 25. Bxf5 gxf5 26. Rf3 Rf8 27. Rdf1 Nd3 28. b3 Qc5 29. Rg3+ Kf7 30. Rg7+ Ke8 31. Rxe7+ Kxe7 32. Qg7+ Rf7 33. Qg5+ Kd7 34. Qh5 Ke8 35. Rf3 Qd4 36. Rg3 Qxc3 37. Rg8+ Ke7 38. Qe2+ Ne5 39. bxc4 Qc1+ 40. Kh2 Qxf4+ 41. g3 Qxc4 42. Qe3 f4 43. Qa7+ Kf6 44. Qf2 f3 0-1

[Event "Dyfed op 47th"]
[Site "Fishguard"]
[Date "2018.02.18"]
[Round "5"]
[White "Morcom, Huw"]
[Black "Richmond, Jane"]
[Result "0-1"]
[WhiteElo "1913"]
[BlackElo "2097"]
[PlyCount "136"]
[EventDate "2018.02.16"]
[EventType "swiss"]
[EventRounds "5"]
[EventCountry "WLS"]
[SourceTitle "EXT 2020"]
[Source "ChessBase"]
[SourceDate "2019.10.17"]
[SourceVersion "1"]
[SourceVersionDate "2019.10.17"]
[SourceQuality "1"]

1. e4 e5 2. Nf3 Nc6 3. Be2 g6 4. 0-0 Bg7 5. Re1 d6 6. c3 Nf6 7. Bf1 Bg4 8. h3 Bd7 9. d4 Qc8 10. Bg5 Nh5 11. dxe5 dxe5 12. Nbd2 h6 13. Be3 0-0 14. Nc4 Rd8 15. Qc2 g5 16. Rad1 Nf4 17. Bxf4 gxf4 18. Rd2 b5 19. Na3 a6 20. Red1 Be6 21. Rxd8+ Nxd8 22. c4 b4 23. Nb1 Nc6 24. Nbd2 a5 25. Nb3 Qf8 26. Nc1 a4 27. Nd3 Qe7 28. b3 axb3 29. axb3 Ra3 30. Rb1 Bc8 31. Qd2 Bb7 32. Nc1 Ra8 33. Bd3 Qc5 34. Bc2 Rd8 35. Nd3 Qa7 36. Qe1 Qa2 37. Rb2 Qa3 38. Rb1 Ra8 39. Nc5 Bc8 40. Na4 Rxa4 41. bxa4 Bf8 42. Bb3 Bc5 43. Qd1 Be6 44. Qc1 Qxc1+ 45. Rxc1 Na5 46. Nd2 Bd4 47. Ba2 Bc3 48. Nb3 Bxc4 49. Nxa5 Bxa2 50. Kf1 c5 51. Ke2 Bd4 52. f3 Kf8 53. Nc4 Ke7 54. Kd3 Kd7 55. Nxe5+ Bxe5 56. Rxc5 Kd6 57. Rb5 b3 58. a5 b2 59. Kc2 b1Q+ 60. Rxb1 Bxb1+ 61. Kxb1 Kc5 62. Kc2 Kc4 63. a6 Bd4 64. Kd2 h5 65. Kc2 Be3 66. Kd1 Kd3 67. Ke1 Bb6 68. Kf1 h4 0-1

[Event "Dyfed op 47th"]
[Site "Fishguard"]
[Date "2018.02.18"]
[Round "4"]
[White "Richmond, Jane"]
[Black "May, Adam John"]
[Result "1-0"]
[WhiteElo "2097"]
[BlackElo "1951"]
[PlyCount "65"]
[EventDate "2018.02.16"]
[EventType "swiss"]
[EventRounds "5"]
[EventCountry "WLS"]
[SourceTitle "EXT 2020"]
[Source "ChessBase"]
[SourceDate "2019.10.17"]
[SourceVersion "1"]
[SourceVersionDate "2019.10.17"]
[SourceQuality "1"]

1. e4 c6 2. Ne2 d5 3. e5 d4 4. c3 c5 5. Ng3 Qd5 6. Bb5+ Bd7 7. Bxd7+ Nxd7 8. f4 Qxg2 9. d3 h5 10. Rf1 Qd5 11. Qe2 h4 12. Ne4 Nh6 13. Nbd2 Nf5 14. Nf3 g6 15. cxd4 cxd4 16. Bd2 Rc8 17. Kf2 Bg7 18. Rac1 0-0 19. b3 a6 20. Rg1 Rfd8 21. Neg5 e6 22. Bb4 Nb6 23. Qe4 Qd7 24. Ba5 Rxc1 25. Rxc1 Qb5 26. Qxb7 Qxa5 27. Qxf7+ Kh8 28. Qxg6 Qxa2+ 29. Kg1 Kg8 30. Qxe6+ Kh8 31. Qxf5 Kg8 32. Qe6+ Kh8 33. Nf7+ 1-0

[Event "BCF-chT3Sa 1617 (4NCL)"]
[Site "England"]
[Date "2017.02.11"]
[Round "5.13"]
[White "Richmond, Jane"]
[Black "Gibson, Christopher A"]
[Result "1-0"]
[WhiteElo "2126"]
[BlackElo "1975"]
[PlyCount "57"]
[EventDate "2016.11.26"]
[EventType "team-tourn"]
[EventRounds "11"]
[EventCountry "ENG"]
[SourceTitle "EXT 2019"]
[Source "ChessBase"]
[SourceDate "2018.10.10"]
[SourceVersion "1"]
[SourceVersionDate "2018.10.10"]
[SourceQuality "1"]
[WhiteTeam "Brown Jack"]
[BlackTeam "The Rookies"]
[WhiteTeamCountry "ENG"]
[BlackTeamCountry "ENG"]

1. e4 e5 2. Nf3 Nc6 3. Bb5 f5 4. d3 fxe4 5. dxe4 Nf6 6. Qe2 Bc5 7. Nbd2 d6 8. Nb3 Bb6 9. a4 a6 10. Bxc6+ bxc6 11. a5 Ba7 12. Qc4 d5 13. Qxc6+ Bd7 14. Qb7 0-0 15. Be3 Bxe3 16. fxe3 dxe4 17. Nxe5 Bb5 18. Nd4 Qe7 19. Nec6 Bxc6 20. Qxc6 Ng4 21. 0-0-0 Nf2 22. Ne6 Rfb8 23. Rd7 Qf6 24. Re1 Qxb2+ 25. Kd2 Nd3 26. Rxg7+ Kh8 27. Qxe4 Qxg7 28. Nxg7 Nxe1 29. Ne6 1-0

[Event "Dyfed op 45th"]
[Site "Fishguard"]
[Date "2016.02.28"]
[Round "5"]
[White "Zeidler, Sven P"]
[Black "Richmond, Jane"]
[Result "0-1"]
[WhiteElo "2172"]
[BlackElo "2100"]
[PlyCount "134"]
[EventDate "2016.02.26"]
[EventType "swiss"]
[EventRounds "5"]
[EventCountry "WLS"]
[SourceTitle "EXT 2018"]
[Source "ChessBase"]
[SourceDate "2017.10.13"]
[SourceVersion "1"]
[SourceVersionDate "2017.10.13"]
[SourceQuality "1"]

1. e4 c6 2. Nf3 d5 3. exd5 cxd5 4. Ne5 Nc6 5. d4 Nf6 6. Bb5 Bd7 7. Nc3 e6 8. 0-0 Nxe5 9. dxe5 Bxb5 10. Nxb5 Nd7 11. Qe2 Bc5 12. Be3 0-0 13. Bxc5 Nxc5 14. c4 Qe7 15. cxd5 exd5 16. Rac1 Rad8 17. Rfd1 f6 18. Nc3 d4 19. Qc4+ Ne6 20. Nd5 Qf7 21. exf6 gxf6 22. f4 f5 23. Re1 Rd6 24. Qb3 Rfd8 25. Re5 Kh8 26. Nc7 Rc8 27. Rce1 Rxc7 28. Rxe6 Rxe6 29. Rxe6 Rd7 30. Re1 Qxb3 31. axb3 Kg7 32. Kf2 Kf6 33. Ke2 Re7+ 34. Kd2 Rxe1 35. Kxe1 Ke6 36. Ke2 Kd5 37. Kf3 h5 38. h3 a6 39. g3 b6 40. b4 a5 41. bxa5 bxa5 42. b3 Kc5 43. Ke2 Kb4 44. Kd2 Kxb3 45. g4 hxg4 46. hxg4 fxg4 47. f5 g3 48. f6 g2 49. f7 g1Q 50. f8Q Qg5+ 51. Kd1 Qg1+ 52. Kd2 Qe3+ 53. Kd1 Qd3+ 54. Ke1 Qc3+ 55. Kd1 Qc2+ 56. Ke1 Qc4 57. Kd1 a4 58. Qf3+ Kb4 59. Qf6 Kc3 60. Qf8 Qd3+ 61. Ke1 Qb1+ 62. Kf2 Qb2+ 63. Kf1 Qb5+ 64. Ke1 Qb4 65. Qc8+ Kb2+ 66. Ke2 a3 67. Kd1 Qb3+ 0-1

[Event "Olympiad Women-41"]
[Site "Tromsoe"]
[Date "2014.08.14"]
[Round "11.1"]
[White "Houska, Jovanka"]
[Black "Richmond, Jane"]
[Result "1-0"]
[WhiteElo "2401"]
[BlackElo "2085"]
[PlyCount "73"]
[EventDate "2014.08.02"]
[EventType "team-swiss"]
[EventRounds "11"]
[EventCountry "NOR"]
[SourceTitle "CBM 162"]
[Source "ChessBase"]
[SourceDate "2014.09.17"]
[SourceVersion "1"]
[SourceVersionDate "2014.09.17"]
[SourceQuality "1"]
[WhiteTeam "England (W)"]
[BlackTeam "Wales (W)"]
[WhiteTeamCountry "ENG"]
[BlackTeamCountry "WLS"]

1. d4 Nf6 2. Nf3 e6 3. c4 Nc6 4. a3 d6 5. g3 g6 6. Bg2 Bg7 7. Nc3 0-0 8. 0-0 e5 9. dxe5 dxe5 10. Bg5 Qxd1 11. Rfxd1 Bg4 12. Rac1 Rac8 13. Kf1 Rfe8 14. b4 a5 15. b5 Nd8 16. Nd2 h6 17. Bxf6 Bxf6 18. Nd5 Bg7 19. Ne4 Kf8 20. Ndf6 Bf5 21. Nxe8 Kxe8 22. c5 Ne6 23. Nd2 Nd4 24. Bxb7 Rb8 25. Be4 Bg4 26. Nf3 f5 27. Bd5 Bxf3 28. exf3 Ke7 29. a4 g5 30. g4 f4 31. Be4 Ke6 32. b6 cxb6 33. c6 Kd6 34. c7 Rc8 35. Rc6+ Kd7 36. Rg6 Rg8 37. Rc1 1-0

[Event "Olympiad Women-41"]
[Site "Tromsoe"]
[Date "2014.08.10"]
[Round "8.1"]
[White "Richmond, Jane"]
[Black "Baciu, Diana"]
[Result "1-0"]
[WhiteElo "2085"]
[BlackElo "2294"]
[PlyCount "63"]
[EventDate "2014.08.02"]
[EventType "team-swiss"]
[EventRounds "11"]
[EventCountry "NOR"]
[SourceTitle "CBM 162"]
[Source "ChessBase"]
[SourceDate "2014.09.17"]
[SourceVersion "1"]
[SourceVersionDate "2014.09.17"]
[SourceQuality "1"]
[WhiteTeam "Wales (W)"]
[BlackTeam "Moldova (W)"]
[WhiteTeamCountry "WLS"]
[BlackTeamCountry "MDA"]

1. e4 e6 2. d4 d5 3. Nc3 Bb4 4. e5 c5 5. Bd2 Ne7 6. Nf3 cxd4 7. Nb5 Bc5 8. b4 a6 9. bxc5 axb5 10. Nxd4 Qc7 11. f4 Qxc5 12. Nb3 Qb6 13. Bd3 b4 14. Qf3 Nd7 15. Be3 Qc7 16. Nd4 Qc3+ 17. Ke2 0-0 18. Qh3 g6 19. g4 b6 20. Qh4 Re8 21. Nb5 Qc6 22. Nd6 Ba6 23. Bxa6 Qxc2+ 24. Kf3 Rxa6 25. Rhc1 Qd3 26. Rd1 Qc3 27. Rdc1 Qd3 28. Nxe8 Ra3 29. Re1 Qe4+ 30. Kf2 d4 31. Qh6 dxe3+ 32. Kg1 1-0

[Event "Olympiad Women-41"]
[Site "Tromsoe"]
[Date "2014.08.08"]
[Round "6.1"]
[White "Richmond, Jane"]
[Black "Kurbonboeva, Sarvinoz"]
[Result "1/2-1/2"]
[WhiteElo "2085"]
[BlackElo "2228"]
[PlyCount "85"]
[EventDate "2014.08.02"]
[EventType "team-swiss"]
[EventRounds "11"]
[EventCountry "NOR"]
[SourceTitle "CBM 162"]
[Source "ChessBase"]
[SourceDate "2014.09.17"]
[SourceVersion "1"]
[SourceVersionDate "2014.09.17"]
[SourceQuality "1"]
[WhiteTeam "Wales (W)"]
[BlackTeam "Uzbekistan (W)"]
[WhiteTeamCountry "WLS"]
[BlackTeamCountry "UZB"]

1. e4 c5 2. Nc3 Nc6 3. Bb5 g6 4. Bxc6 dxc6 5. f4 Bg7 6. Nf3 Nf6 7. 0-0 c4 8. Qe1 b5 9. b3 b4 10. e5 bxc3 11. exf6 Bxf6 12. dxc3 cxb3 13. axb3 c5 14. Ba3 Qc7 15. Qe3 c4 16. Ne5 cxb3 17. cxb3 0-0 18. Bc5 Be6 19. b4 a6 20. Rfe1 Qb7 21. Ra5 Rfd8 22. Bd4 Bg7 23. Rea1 Bd5 24. Qe2 f6 25. Ng4 Qc8 26. Rc5 Qb7 27. Raa5 Bf7 28. Nf2 Rd6 29. Qe4 Qb8 30. Nd3 Qd8 31. Rc6 f5 32. Rxd6 fxe4 33. Rxd8+ Rxd8 34. Ne5 Rd6 35. Rc5 Be6 36. Rc7 Kf8 37. Kf2 Ke8 38. Ke3 Bxe5 39. fxe5 Rd8 40. c4 Rc8 41. Rxc8+ Bxc8 42. g3 Be6 43. Kxe4 1/2-1/2